On the nature of active gold species in zeolites in CO oxidation; Applied Catalysis A: General; Vol. 331

מידע ביבליוגרפי
Parent link:Applied Catalysis A: General.— , 1991-
Vol. 331.— 2007.— P. 121-128
מחברים אחרים: Simakov A., Tuzovskaya I., Pestryakov A. N. Aleksey Nikolaevich, Bogdanchikova N. E., Gurin V., Avalos M., Farías M. H.
סיכום:It was disclosed for Au/zeolites that not one, but several active sites can be reactive in CO oxidation on the same catalyst. Au3+ cationic species do not show the activity under studied conditions. Gold nanoparticles (1.5–5 nm) are characterized by activity at high temperature. Gold clusters display activity in low-temperature region, but only after sample pretreatment in He at 500° C. Nanoparticle active sites are stable during reaction, in contrast with cluster active sites. The last ones lost activity probably due to complete oxidation and can be reactivated by He treatment. This investigation revealed that clusters are the most active, but not stable and are easily oxidized by oxygen, while stable nanoparticles are less active.
В фонде НТБ ТПУ отсутствует
שפה:אנגלית
יצא לאור: 2007
נושאים:
פורמט: Book Chapter
KOHA link:https://koha.lib.tpu.ru/cgi-bin/koha/opac-detail.pl?biblionumber=599084

MARC

LEADER 00000naa0a2200000 4500
001 599084
005 20250415162058.0
035 |a (RuTPU)RU\TPU\tpu\22932 
035 |a RU\TPU\tpu\22884 
090 |a 599084 
100 |a 20130325d2007 k||y0rusy50 ba 
101 0 |a eng 
102 |a NL 
200 1 |a On the nature of active gold species in zeolites in CO oxidation  |f A. Simakov [et al.] 
320 |a References: p. 127-128 (45 tit.) 
330 |a It was disclosed for Au/zeolites that not one, but several active sites can be reactive in CO oxidation on the same catalyst. Au3+ cationic species do not show the activity under studied conditions. Gold nanoparticles (1.5–5 nm) are characterized by activity at high temperature. Gold clusters display activity in low-temperature region, but only after sample pretreatment in He at 500° C. Nanoparticle active sites are stable during reaction, in contrast with cluster active sites. The last ones lost activity probably due to complete oxidation and can be reactivated by He treatment. This investigation revealed that clusters are the most active, but not stable and are easily oxidized by oxygen, while stable nanoparticles are less active. 
333 |a В фонде НТБ ТПУ отсутствует 
461 |t Applied Catalysis A: General  |d 1991- 
463 |t Vol. 331  |v P. 121-128  |d 2007 
610 1 |a труды учёных ТПУ 
701 1 |a Simakov  |b A. 
701 1 |a Tuzovskaya  |b I. 
701 1 |a Pestryakov  |b A. N.  |c Chemist  |c Professor of Tomsk Polytechnic University, Doctor of Chemical Science  |f 1963-  |g Aleksey Nikolaevich  |3 (RuTPU)RU\TPU\pers\30471  |4 070  |9 14796 
701 1 |a Bogdanchikova  |b N. E. 
701 1 |a Gurin  |b V. 
701 1 |a Avalos  |b M. 
701 1 |a Farías  |b M. H. 
801 1 |a RU  |b 63413507  |c 20130226 
801 2 |a RU  |b 63413507  |c 20130325  |g RCR 
850 |a 63413507 
942 |c CR